| 000 | 01702nam a2200385 i 4500 | ||
|---|---|---|---|
| 001 | 195868 | ||
| 003 | ES-MaACL | ||
| 005 | 20250813063345.0 | ||
| 008 | 240727e2006 sp a |r 0|| 0dspa d | ||
| 017 |
_aM 8643-2006 _bOficina Depósito Legal Madrid |
||
| 020 | _a84-95011-96-4 | ||
| 040 |
_aICV _dUNAV _bspa _cES-MaACL |
||
| 080 | _a73 Lio, Laura (083.824) | ||
| 080 | _a74 Lio, Laura (083.824) | ||
| 100 | 1 |
_aLio, Laura, _d1967- _eaut _9237624 |
|
| 245 | 1 | 0 |
_aEsculturas y dibujos = _bSculptures and drawings : [del 2 de marzo al 2 de abril, 2006 = from march 2 to april 2, 2006] / _cLaura Lio ; [con seis poemas de Roberto Juarroz = with six poems by Roberto Juarroz]. |
| 246 | 1 | 1 | _aSculptures and drawings |
| 260 |
_aAlcalá de Henares : _bCasa de la Entrevista, _c[2006] |
||
| 300 |
_a46 páginas : _bprincipalmente ilustraciones (blanco y negro y color) ; _c26 cm |
||
| 336 |
_2rdacontent _atexto |
||
| 337 |
_2rdamedia _asin mediación |
||
| 338 |
_2rdacarrier _avolumen |
||
| 546 | _aTexto en español e inglés | ||
| 585 | _aCatálogo de la exposición organizada por la Fundación Colegio del Rey del Ayuntamiento de Alcalá de Henares, y celebrada en la Casa de la Entrevista | ||
| 600 | 1 |
_aLio, Laura, _c1967- _vExposiciones _9241739 |
|
| 655 | 7 |
_aCatálogos de exposiciones _2tgfbne _9193628 |
|
| 655 | 7 |
_aPoesías _2tgfbne _9176539 |
|
| 700 | 1 |
_aJuarroz, Roberto, _d1925-1995 _eclb _967172 |
|
| 710 | 2 |
_aFundación Colegio del Rey _eisb _94254 |
|
| 710 | 2 |
_aCasa de la Entrevista _ehis _eedt _9143924 |
|
| 852 |
_aES-MaACL _cDEPOJ _jN-8983 _xCartoné _9204851 |
||
| 942 |
_cMONOGRAFIA _n0 |
||
| 999 |
_c195868 _d195868 |
||